000 00826nam a2200277Ia 4500
003 GCL
005 20240530102412.0
008 140319s9999 xx 000 0 ara d
040 _aGCL /
_cGCL
082 0 4 _a322.5
_bق/ا ج
100 1 _aمجدى حماد
245 1 0 _aالجيش والديمقراطية فى مصر /
_cمجدى حماد
250 _aالاولى
260 _aالقاهرة :
_bسينا للنشر ،
_c1990
300 _a209 ص ؛
_c24 سم
650 0 4 _aمصر
650 0 4 _aالاحوال السياسية
650 0 4 _aالديمقراطية
650 0 4 _aحسنى مبارك
650 0 4 _aالجيش
650 0 4 _aجمال عبدالناصر
700 1 _aسبرنجبورج، روبرت
700 1 _aجهاد عودة
700 1 _aاحمد عبدالله
942 _2ddc
_cBK
999 _c31995
_d31995